00634 a2200193 450000500170000001000130001702000260003003500130005603700090006908200060007810000280008424500600011226000370017227000140020930000220022394200250024599900190027095201510028920240626123843.0 aB-759924 a9789354713989c295.00 aB-759924 bGift aS aFlintham, Thomas967747 aPress Start! Super Rabbit All- Stars!/cThomas Flintham aNew DelhibScholastic Inc.c2022 aNew Delhi a72 p.c19 cm(Pb) adplcCH2ddchSmFLI c203729d203729 001040708FICaAVbAVd2024-06-26eGift/25.6.24g295.00l3m1oS FLIpB-759924r2026-02-11 00:00:00s2026-02-10t1v295.00w2024-06-26yCHzGift